Indicios junior [juego] /
Guardado en:
| Formato: | Objeto Físico |
|---|---|
| Publicado: |
Argentina :
Cromatika,
[200?]
|
| Materias: | |
| Etiquetas: |
Agregar Etiqueta
Sin Etiquetas, Sea el primero en etiquetar este registro!
|
| LEADER | 00709nrm a22001575g 4500 | ||
|---|---|---|---|
| 001 | CEM.cems019353 | ||
| 008 | 130507b200?##################0###0#####d | ||
| 005 | 20220830162406.0 | ||
| 003 | CEMS | ||
| 245 | 0 | 0 | |a Indicios junior [juego] / |c Etapa Nueva |
| 260 | |a Argentina : |b Cromatika, |c [200?] | ||
| 300 | |a 1 juego (4 tableros, 1 dado, 200 tarjetas, 16 fichas plásticas de 4 colores) ; en caja 22 x 42 x 6 cm. + manual de instrucciones. | ||
| 500 | |a Para 2, 3 ó 4 jugadores o equipos a partir de 7 a 12 años objetivo: adelantar las casillas adivinando las respuestas antes que los demás. | ||
| 082 | 0 | 4 | |a J793.734 |
| 653 | |a 1. juegos de formación de palabras | ||
| 859 | |a CEMS |b BIB. CEMS - Ludoteca |h J793.734 |i Et14 |p 352.09 |t Ej.1 | ||
